00460nam a2200157Ia 4500003000900000008004100009020001800050040001600068080001700084100002000101245010000121260004000221300001500261650001400276650001200290IN-BaIIA211028s9999 xx 000 0 eng d a0-7503-0211-9 cIIA Library a50(082)bWEB aWeber, Robert L 0aScience with a smileban anthologycRobert L Weber  aBristolbInstitute of Physicsc1992 axii, 452p. aAnthology aScience